000
00212 a2200097 4500
001
4127
100
_a
Fitzgerald,a.E
245
_a
Basic electrical engineering
260
_a
_b
Mcgrawhill
_c
090
_c
3344
_d
3344
942
_a
NUST-CAE
_c
M
_c
26047
999
_c
239200
_d
239200